Oracle PL/SQL 101 (0 07 212606 X)

שמור ב:
מידע ביבליוגרפי
מחבר ראשי: CHRISTOPHER ALLEN
פורמט: ספר
שפה:Undetermined
יצא לאור: McGraw-Hill 2001
תגים: הוספת תג
אין תגיות, היה/י הראשונ/ה לתייג את הרשומה!
Thư viện lưu trữ: Trung tâm Học liệu Trường Đại học Cần Thơ
LEADER 00416nam a2200145Ia 4500
001 CTU_49429
008 210402s9999 xx 000 0 und d
082 |a 005.7585 
082 |b A425 
100 |a CHRISTOPHER ALLEN 
245 0 |a Oracle PL/SQL 101 (0 07 212606 X) 
245 0 |c CHRISTOPHER ALLEN, CHRISTOPHER ALLAN 
260 |b McGraw-Hill 
260 |c 2001 
980 |a Trung tâm Học liệu Trường Đại học Cần Thơ